000 00521nam a2200181Ia 4500
008 090123s9999 xx 000 0 und d
082 _b22684
100 _aशिरवाडकर वि.वा.
245 _aकैकयी
250 _a0
260 _bपॉप्युलर प्रकाशन
_c1989
300 _a51
600 _aशिरवाडकर वि.वा.
630 _aकैकयी
700 _aशिरवाडकर वि.वा.
730 _aकैकयी
942 _cBOOK
999 _c60756
_d60756